000 00555nam a22001697a 4500
003 OSt
005 20260427050637.0
008 260427b |||||||| |||| 00| 0 eng d
040 _aDWCL Main Lib.
_cOC
082 _aFil. 646.7 As843t 2014
100 _aAsprer, Fe F.
245 _aTechnology and livelihood education :
_bbeauty care 9 /
_cFe F. Asprer
260 _aQuezon City, Philippines :
_bThe Library Publishing House,
_cc2014.
300 _avi, 178 pages :
_bcolored illustrations ;
_c28 cm.
650 _a1. Beauty care.
942 _2ddc
_cBK-FIL
_n0
999 _c9918
_d9918